[Event "N1 Reykjavik Open 2014"]
[Site "Reykjavik, Iceland"]
[Date "2014.03.05"]
[Round "3.21"]
[White "Bjerke, Richard"]
[Black "Browne, Walter S"]
[Result "0-1"]
[WhiteElo "2162"]
[BlackElo "2444"]
[PlyCount "70"]
[EventDate "2014.03.04"]

1. e4 c5 2. Nf3 Nc6 3. d4 cxd4 4. Nxd4 Nf6 5. Nc3 e5 6. Ndb5 d6 7. Bg5 a6 8.
Na3 b5 9. Bxf6 gxf6 10. Nd5 f5 11. exf5 Bxf5 12. c3 Bg7 13. Nc2 O-O 14. Nce3
Be6 15. Bd3 f5 16. O-O Kh8 17. f4 e4 18. Be2 b4 19. cxb4 Bxb2 20. Rb1 Bg7 21.
a4 Nd4 22. Kh1 Qb8 23. a5 Qb7 24. Bc4 Rac8 25. Ba2 Qb5 26. Qd2 Bxd5 27. Bxd5
Rc7 28. Rfc1 Rfc8 29. Rxc7 Rxc7 30. Rc1 Qxb4 31. Qd1 Qxa5 32. Ra1 Qc3 33. Qa4
Nb5 34. Rd1 Qxe3 35. Qxa6 Qc5 0-1

[Event "N1 Reykjavik Open 2014"]
[Site "Reykjavik, Iceland"]
[Date "2014.03.05"]
[Round "3.22"]
[White "Li, Chao b"]
[Black "Restuccia, Francisco"]
[Result "1-0"]
[WhiteElo "2700"]
[BlackElo "2093"]
[PlyCount "51"]
[EventDate "2014.03.04"]

1. d4 Nf6 2. c4 g6 3. Nc3 Bg7 4. e4 d6 5. h3 O-O 6. Nf3 e5 7. d5 a5 8. g4 Na6
9. Be3 Nc5 10. Nd2 c6 11. Be2 Nfd7 12. h4 a4 13. Qc2 a3 14. b4 Na6 15. Qa4 c5
16. b5 Nc7 17. Qc2 Nb6 18. O-O-O Bd7 19. Rdg1 Qb8 20. h5 Qa7 21. Rg3 f6 22. f4
Na4 23. f5 Nxc3 24. Qxc3 g5 25. h6 Bh8 26. Nb1 1-0

[Event "N1 Reykjavik Open 2014"]
[Site "Reykjavik, Iceland"]
[Date "2014.03.05"]
[Round "3.23"]
[White "Stefansson, Hannes"]
[Black "Langer, Michael"]
[Result "1-0"]
[WhiteElo "2541"]
[BlackElo "2248"]
[PlyCount "57"]
[EventDate "2014.03.04"]

1. d4 Nf6 2. c4 c5 3. d5 b5 4. cxb5 a6 5. bxa6 g6 6. Nc3 Bxa6 7. Nf3 d6 8. e4
Bxf1 9. Kxf1 Bg7 10. g3 O-O 11. Kg2 Nbd7 12. a4 Qb6 13. Qe2 Rfb8 14. Nb5 Ne8
15. Bg5 Kf8 16. Nd2 Qb7 17. Ra2 Nc7 18. Nxc7 Qxc7 19. b3 Rb4 20. Rc2 Nb6 21.
Qe3 Kg8 22. Bh6 Bf6 23. h4 c4 24. Rhc1 c3 25. Rxc3 Bxc3 26. Rxc3 Qb7 27. Rc6
Nd7 28. Qc3 Ne5 29. f4 1-0

[Event "N1 Reykjavik Open 2014"]
[Site "Reykjavik, Iceland"]
[Date "2014.03.05"]
[Round "3.24"]
[White "Molner, Mackenzie"]
[Black "Stigar, Petter"]
[Result "1-0"]
[WhiteElo "2528"]
[BlackElo "2237"]
[PlyCount "107"]
[EventDate "2014.03.04"]

1. Nf3 d5 2. c4 c6 3. e3 Nf6 4. Nc3 g6 5. d4 Bg7 6. Be2 O-O 7. O-O dxc4 8. Bxc4
Bg4 9. h3 Bxf3 10. Qxf3 Nbd7 11. Bb3 e5 12. Bd2 Qe7 13. Rad1 Nb6 14. dxe5 Qxe5
15. e4 Rad8 16. Bf4 Qe7 17. Bg5 h6 18. Bh4 g5 19. Bg3 Rxd1 20. Rxd1 Rd8 21.
Rxd8+ Qxd8 22. e5 Nfd5 23. Ne4 Qe7 24. Nd6 Nd7 25. Bxd5 cxd5 26. Qxd5 Nxe5 27.
Nxb7 Nd7 28. b3 Nf6 29. Qd8+ Qxd8 30. Nxd8 Ne4 31. Nc6 Bf8 32. b4 a6 33. Be5 f5
34. a4 Kf7 35. f3 Nd2 36. b5 axb5 37. axb5 Nc4 38. Bd4 Nd6 39. Ne5+ Ke8 40. b6
Nb7 41. Kf2 Ba3 42. Ke3 Ke7 43. Kd3 Ke6 44. Nc4 Bb4 45. g4 Bf8 46. Ne3 f4 47.
Nf5 Kd5 48. Bf2 Nd8 49. Bg1 Nb7 50. Bd4 Nd8 51. Bg7 Bc5 52. Bxh6 Bxb6 53. Bxg5
Ne6 54. Bf6 1-0

[Event "N1 Reykjavik Open 2014"]
[Site "Reykjavik, Iceland"]
[Date "2014.03.05"]
[Round "3.25"]
[White "Pavlovic, Milos"]
[Black "Edvardsson, Kristjan"]
[Result "1-0"]
[WhiteElo "2506"]
[BlackElo "2233"]
[PlyCount "65"]
[EventDate "2014.03.04"]

1. d4 Nf6 2. c4 e6 3. Nc3 Bb4 4. e3 c5 5. Bd3 d5 6. Nf3 Nc6 7. O-O O-O 8. cxd5
exd5 9. dxc5 Bxc5 10. h3 a6 11. b3 Re8 12. Bb2 Qd6 13. Rc1 Bd7 14. Ne2 Bb6 15.
Nf4 d4 16. Ne2 Bc7 17. Nexd4 Nxd4 18. exd4 Bc6 19. Ne5 Bd5 20. Qc2 Bb6 21. Rfe1
Rad8 22. Bf1 Re7 23. Re3 Rc7 24. Nc4 Bxc4 25. bxc4 Nd5 26. Re5 Nb4 27. Qb3 a5
28. c5 Qh6 29. Rce1 Rcc8 30. cxb6 Nc6 31. R5e4 Qd6 32. Bc4 Qg6 33. Rg4 1-0

[Event "N1 Reykjavik Open 2014"]
[Site "Reykjavik, Iceland"]
[Date "2014.03.05"]
[Round "3.26"]
[White "Steindorsson, Sigurdur P"]
[Black "Kristjansson, Stefan"]
[Result "0-1"]
[WhiteElo "2215"]
[BlackElo "2503"]
[PlyCount "72"]
[EventDate "2014.03.04"]

1. c4 Nf6 2. Nc3 d5 3. cxd5 Nxd5 4. g3 g6 5. Bg2 Nb6 6. Nf3 Bg7 7. O-O Nc6 8.
d3 O-O 9. Be3 e5 10. Qd2 Nd4 11. Bh6 Nxf3+ 12. Bxf3 c6 13. h4 f6 14. Rfd1 Be6
15. h5 g5 16. Bxg7 Kxg7 17. Ne4 Qe7 18. Qa5 Nd5 19. Qc5 g4 20. Bg2 f5 21. Qxe7+
Nxe7 22. Nc5 Bc8 23. f4 exf4 24. gxf4 Kh6 25. Kf2 Kxh5 26. e4 b6 27. Nb3 fxe4
28. dxe4 Rxf4+ 29. Kg3 Rf8 30. Rd6 Kg5 31. Nd4 h5 32. Rh1 Ng6 33. Nxc6 h4+ 34.
Rxh4 Nxh4 35. Rd5+ Bf5 36. Bf1 Rae8 0-1

[Event "N1 Reykjavik Open 2014"]
[Site "Reykjavik, Iceland"]
[Date "2014.03.05"]
[Round "3.27"]
[White "Urkedal, Frode"]
[Black "Gueler, Sebastian"]
[Result "1-0"]
[WhiteElo "2495"]
[BlackElo "2208"]
[PlyCount "81"]
[EventDate "2014.03.04"]

1. d4 e6 2. c4 Nf6 3. Nf3 b6 4. g3 Bb7 5. Bg2 Be7 6. O-O O-O 7. Nc3 Ne4 8. Qc2
Nxc3 9. Qxc3 c5 10. Rd1 Qc7 11. Bf4 d6 12. dxc5 bxc5 13. Qd3 Rd8 14. Ng5 Bxg5
15. Bxg5 f6 16. Bf4 Bxg2 17. Kxg2 Qc6+ 18. Kg1 e5 19. Be3 Na6 20. Rd2 Nc7 21.
Rad1 g6 22. h4 Rab8 23. h5 Kg7 24. Qa3 Rb4 25. Qc3 Qb6 26. a3 Rb3 27. Qc2 Ne6
28. Rxd6 Rxd6 29. Rxd6 Qxd6 30. Qxb3 gxh5 31. Qb7+ Kg6 32. f4 Qd1+ 33. Kf2 Nd4
34. f5+ Kxf5 35. Qxh7+ Ke6 36. Qxh5 Nc2 37. Qe8+ Kf5 38. Qc8+ Kg6 39. Qg8+ Kh5
40. Qh7+ Kg4 41. Qg6+ 1-0

[Event "N1 Reykjavik Open 2014"]
[Site "Reykjavik, Iceland"]
[Date "2014.03.05"]
[Round "3.28"]
[White "Teh, Eu Wen Aron"]
[Black "Krush, Irina"]
[Result "1/2-1/2"]
[WhiteElo "2237"]
[BlackElo "2490"]
[PlyCount "91"]
[EventDate "2014.03.04"]

1. d4 e6 2. c4 Bb4+ 3. Bd2 a5 4. Nf3 f5 5. g3 Nf6 6. Bg2 O-O 7. O-O Bxd2 8.
Nbxd2 d6 9. Qc2 Nc6 10. e4 fxe4 11. Nxe4 e5 12. dxe5 dxe5 13. Rad1 Qe7 14.
Nxf6+ Qxf6 15. Nd2 Bf5 16. Qc3 Qg6 17. Bd5+ Kh8 18. Nf3 Bh3 19. Rfe1 Qf6 20.
Rd2 Rae8 21. Qe3 h6 22. Be4 g5 23. Qc5 Re6 24. b3 b6 25. Qe3 Re7 26. c5 Nd4 27.
Nxd4 exd4 28. Rxd4 bxc5 29. Rd2 Bf5 30. Qd3 Rfe8 31. Rde2 Bh3 32. Qf3 Qxf3 33.
Bxf3 Rxe2 34. Rxe2 Rd8 35. Rc2 Re8 36. Be2 Bd7 37. f3 a4 38. Kf2 axb3 39. axb3
Re5 40. Rc3 Kg7 41. Bd3 Kf6 42. Be4 g4 43. Re3 Rh5 44. Kg2 gxf3+ 45. Bxf3 Re5
46. Rc3 1/2-1/2

[Event "N1 Reykjavik Open 2014"]
[Site "Reykjavik, Iceland"]
[Date "2014.03.05"]
[Round "3.29"]
[White "Elsness, Frode"]
[Black "Kazmaier, Daniel"]
[Result "1-0"]
[WhiteElo "2479"]
[BlackElo "2187"]
[PlyCount "113"]
[EventDate "2014.03.04"]

1. d4 f5 2. g3 Nf6 3. Bg2 d6 4. Nf3 g6 5. b3 Bg7 6. Bb2 e5 7. dxe5 Ng4 8. Qc1
Nxe5 9. c4 Nbd7 10. O-O O-O 11. Nc3 Nf6 12. Qd2 h6 13. Rad1 Nxf3+ 14. Bxf3 Qe7
15. Nd5 Nxd5 16. Bxg7 Kxg7 17. cxd5 Rf7 18. Rc1 b6 19. Rc3 Bb7 20. Rfc1 Rd8 21.
Rxc7 Qxc7 22. Qd4+ Kh7 23. Rxc7 Rxc7 24. Qf6 Rdd7 25. h4 h5 26. Kg2 Rf7 27.
Qxd6 Rcd7 28. Qe5 Rfe7 29. Qf6 Rf7 30. Qd4 Rd6 31. Qe5 Rfd7 32. e4 fxe4 33.
Bxe4 Bxd5 34. Qxh5+ Kg7 35. Qe5+ Kf7 36. h5 Bxe4+ 37. Qxe4 gxh5 38. Qf5+ Ke7
39. Qxh5 Rd2 40. a4 R2d3 41. Qe5+ Kd8 42. Qe6 Re7 43. Qg8+ Kd7 44. g4 Rd4 45.
Kg3 Kc6 46. g5 Ree4 47. f3 Re3 48. Qf7 Re1 49. f4 Rd3+ 50. Kg4 Rg1+ 51. Kh5
Rh1+ 52. Kg6 Rd6+ 53. Kf5 Rd5+ 54. Kg4 Rg1+ 55. Kf3 Rf1+ 56. Kg2 Rc1 57. Qe6+
1-0

[Event "N1 Reykjavik Open 2014"]
[Site "Reykjavik, Iceland"]
[Date "2014.03.05"]
[Round "3.30"]
[White "Sahl, Sheila Barth"]
[Black "Galego, Luis"]
[Result "0-1"]
[WhiteElo "2196"]
[BlackElo "2463"]
[PlyCount "60"]
[EventDate "2014.03.04"]

1. e4 d5 2. exd5 Qxd5 3. Nc3 Qd6 4. Bc4 Nf6 5. d3 a6 6. a4 Bg4 7. Nge2 Nc6 8.
O-O e6 9. f3 Bf5 10. Ng3 Bg6 11. Nge4 Nxe4 12. fxe4 Qc5+ 13. Kh1 Bd6 14. Bf4
Bxf4 15. Rxf4 O-O-O 16. Qe1 Qb4 17. Rb1 Ne5 18. Ba2 Rd6 19. Rf1 Kb8 20. Qg3 Nd7
21. h3 Nc5 22. e5 Rd4 23. Ne2 Rd7 24. Qf4 Qxa4 25. b4 Nxd3 26. Qc4 Nxe5 27. Qc3
Qxa2 28. Qxe5 f6 29. Qe3 Qxc2 30. b5 Qd3 0-1

[Event "N1 Reykjavik Open 2014"]
[Site "Reykjavik, Iceland"]
[Date "2014.03.05"]
[Round "3.31"]
[White "Lie, Espen"]
[Black "Halldórsson, Jón Árni"]
[Result "1-0"]
[WhiteElo "2456"]
[BlackElo "2185"]
[PlyCount "105"]
[EventDate "2014.03.04"]

1. c4 c6 2. Nf3 d5 3. e3 Nf6 4. Be2 Bf5 5. b3 h6 6. Bb2 e6 7. O-O Nbd7 8. d3
Be7 9. Nbd2 O-O 10. Re1 Bh7 11. Bf1 Nc5 12. Ne5 Nfd7 13. Nxd7 Nxd7 14. cxd5
cxd5 15. Qg4 Bf6 16. Bxf6 Nxf6 17. Qb4 Qd7 18. Rec1 Rfc8 19. Nf3 Rc7 20. Qa3
Ne8 21. Rxc7 Qxc7 22. Rc1 Qd8 23. Qc5 Nd6 24. Qc7 Kf8 25. Qc5 Rc8 26. Qa3 Rxc1
27. Qxc1 Qa5 28. a3 Ke7 29. b4 Qb6 30. Nd4 Kd7 31. Qc2 a6 32. Nb3 Qc6 33. Qb2
f6 34. Qd4 Ke7 35. Na5 Qc7 36. Qa7 Bg6 37. g3 Be8 38. Qc5 Kd7 39. Bh3 Qxc5 40.
bxc5 Nb5 41. Nxb7 Nxa3 42. Na5 Bg6 43. Bf1 e5 44. d4 exd4 45. exd4 Nc2 46. Nb3
Nb4 47. f3 Bc2 48. Na5 Bd1 49. Kf2 Nc2 50. Nb3 Nb4 51. Na5 Nc2 52. Nb3 Nb4 53.
Na5 1-0

[Event "N1 Reykjavik Open 2014"]
[Site "Reykjavik, Iceland"]
[Date "2014.03.05"]
[Round "3.32"]
[White "Thorhallsson, Throstur"]
[Black "Kenney, Jason"]
[Result "1/2-1/2"]
[WhiteElo "2435"]
[BlackElo "2124"]
[PlyCount "57"]
[EventDate "2014.03.04"]

1. e4 c6 2. d4 d5 3. e5 c5 4. dxc5 e6 5. Nf3 Bxc5 6. Bd3 Nc6 7. O-O h6 8. Qe2
Nge7 9. a3 O-O 10. c4 dxc4 11. Bxc4 Nf5 12. Bd3 Re8 13. Rd1 Qe7 14. Nc3 Rd8 15.
Bf4 Bd7 16. Bxf5 exf5 17. b4 Bb6 18. b5 Na5 19. Nd5 Qe8 20. a4 Be6 21. Nxb6
axb6 22. Rd6 Nc4 23. Rxd8 Rxd8 24. Nd2 Rd4 25. Be3 Nxe3 26. fxe3 Rg4 27. Qd3
Qc8 28. h3 Rb4 29. Nf3 1/2-1/2

[Event "N1 Reykjavik Open 2014"]
[Site "Reykjavik, Iceland"]
[Date "2014.03.05"]
[Round "3.33"]
[White "Bekker-Jensen, Simon"]
[Black "Bongartz, Philipp"]
[Result "1-0"]
[WhiteElo "2418"]
[BlackElo "2143"]
[PlyCount "95"]
[EventDate "2014.03.04"]

1. d4 d5 2. c4 e6 3. Nc3 c5 4. cxd5 cxd4 5. Qa4+ Bd7 6. Qxd4 exd5 7. Qxd5 Nf6
8. Qd1 Bc5 9. Nf3 Nc6 10. e3 Qe7 11. Be2 O-O-O 12. O-O Kb8 13. a3 g5 14. b4 g4
15. Nh4 Bd6 16. Qc2 Nd5 17. Nxd5 Qxh4 18. g3 Qh3 19. Bb2 Ne5 20. Nf4 Qh6 21.
Rad1 Rhe8 22. Bxe5 Bxe5 23. Rd5 Rc8 24. Qd3 Ba4 25. Bxg4 Bc2 26. Qd2 f5 27. Bf3
Bb3 28. Rd7 Bc7 29. Nd5 Ba4 30. Rxc7 Rxc7 31. Nxc7 Kxc7 32. Rc1+ Kb8 33. Qc3
Qd6 34. Qg7 Bc6 35. Bxc6 bxc6 36. Qf7 Re5 37. Qg8+ Kb7 38. Qxh7+ Kb6 39. Qh4
Re4 40. Qh5 Qd5 41. Rc5 Qb3 42. Qxf5 Re6 43. Qf4 Qd1+ 44. Kg2 Rd6 45. h4 Kb7
46. h5 Rd7 47. h6 Qa1 48. Qe4 1-0

[Event "N1 Reykjavik Open 2014"]
[Site "Reykjavik, Iceland"]
[Date "2014.03.05"]
[Round "3.34"]
[White "L'ami, Alina"]
[Black "Vanheirzeele, Daniel"]
[Result "1-0"]
[WhiteElo "2398"]
[BlackElo "2116"]
[PlyCount "68"]
[EventDate "2014.03.04"]

1. d4 Nf6 2. c4 e6 3. Nc3 Bb4 4. e3 b6 5. Nge2 Ba6 6. Ng3 Bb7 7. Bd2 h5 8. h4
a6 9. Qc2 Be7 10. f3 d5 11. O-O-O dxc4 12. Bxc4 Nc6 13. Nce2 Qd7 14. Nf4 O-O-O
15. Kb1 Bd6 16. Nge2 e5 17. dxe5 Nxe5 18. Bb3 g6 19. e4 Qe7 20. Nc3 Kb8 21.
Ncd5 Nxd5 22. Nxd5 Bxd5 23. Bxd5 c6 24. Bb3 Bc5 25. Bf4 f6 26. Ba4 Bd4 27. Bxc6
Ka7 28. Bd5 Bc5 29. Rc1 Rc8 30. Qb3 Rhd8 31. a3 a5 32. Qb5 Rd6 33. b4 Rxd5 34.
exd5 Rd8 1-0

[Event "N1 Reykjavik Open 2014"]
[Site "Reykjavik, Iceland"]
[Date "2014.03.05"]
[Round "3.35"]
[White "Hellwig, Tobias"]
[Black "Gledura, Benjamin"]
[Result "0-1"]
[WhiteElo "2180"]
[BlackElo "2385"]
[PlyCount "68"]
[EventDate "2014.03.04"]

1. d4 Nf6 2. g3 g6 3. Bg2 d5 4. Nf3 Bg7 5. O-O O-O 6. Ne5 Nbd7 7. Nxd7 Bxd7 8.
c4 c6 9. cxd5 Nxd5 10. e4 Nb6 11. Nc3 Be6 12. Be3 Nc4 13. Qe2 Nxe3 14. fxe3 Qd7
15. Rad1 Bg4 16. Bf3 Bxf3 17. Qxf3 c5 18. Nd5 cxd4 19. exd4 Rad8 20. Qa3 e6 21.
Nf6+ Bxf6 22. Rxf6 Qb5 23. Rf2 Qb6 24. Rfd2 Rc8 25. Kg2 Rfd8 26. Qf3 Rd7 27. h4
h5 28. Rf1 Qb4 29. Rfd1 Rc1 30. a3 Rxd1 31. Qxd1 Qc4 32. Kf3 f5 33. Qe2 fxe4+
34. Kxe4 Rxd4+ 0-1

[Event "N1 Reykjavik Open 2014"]
[Site "Reykjavik, Iceland"]
[Date "2014.03.05"]
[Round "3.36"]
[White "Bjarnason, Saevar"]
[Black "Dubessay, Bastien"]
[Result "0-1"]
[WhiteElo "2101"]
[BlackElo "2362"]
[PlyCount "72"]
[EventDate "2014.03.04"]

1. d4 Nf6 2. c4 g6 3. Nc3 d5 4. Nf3 Bg7 5. Qb3 dxc4 6. Qxc4 O-O 7. e4 Na6 8.
Bg5 c5 9. d5 h6 10. Bh4 b5 11. Qxb5 Rb8 12. Qe2 Rxb2 13. Qxb2 Nxe4 14. Rc1 Qa5
15. Bc4 Nxc3 16. O-O Nxd5 17. Qb3 Nf6 18. Ne5 e6 19. Rfd1 Nb4 20. a3 Nbd5 21.
Nc6 Qb6 22. Qxb6 axb6 23. Bxf6 Bxf6 24. Bxd5 exd5 25. Rxd5 Be6 26. Rd6 Ra8 27.
h3 Rxa3 28. Nd8 Be7 29. Rdd1 Bf5 30. Re1 Bxd8 31. Re8+ Kg7 32. Rxd8 Rb3 33. Rb8
Rb4 34. Rd1 c4 35. Rd6 Rb1+ 36. Kh2 c3 0-1

[Event "N1 Reykjavik Open 2014"]
[Site "Reykjavik, Iceland"]
[Date "2014.03.05"]
[Round "3.37"]
[White "Abrahams, Daniel"]
[Black "Gullaksen, Eirik"]
[Result "0-1"]
[WhiteElo "2055"]
[BlackElo "2359"]
[PlyCount "84"]
[EventDate "2014.03.04"]

1. e4 c5 2. Nf3 Nc6 3. Nc3 Nf6 4. d4 cxd4 5. Nxd4 e5 6. Ndb5 d6 7. Bg5 a6 8.
Na3 b5 9. Nd5 Qa5+ 10. Bd2 Qd8 11. Bg5 Be7 12. Bxf6 Bxf6 13. c4 b4 14. Nc2 Rb8
15. b3 O-O 16. h4 a5 17. g3 g6 18. Bh3 Be6 19. h5 Bg7 20. hxg6 hxg6 21. Bxe6
fxe6 22. Nde3 Nd4 23. Nxd4 exd4 24. Ng4 Qg5 25. f4 Qc5 26. Nh6+ Bxh6 27. Rxh6
Kg7 28. Rh4 d3 29. Kf1 Qd4 30. Rb1 Qxe4 31. Rb2 Rh8 32. Rbh2 Rxh4 33. Rxh4 Rh8
34. Rxh8 Kxh8 35. Qg4 Qh1+ 36. Kf2 d2 37. Qxg6 Qe1+ 38. Kg2 d1=Q 39. Qf6+ Kg8
40. Qg6+ Kf8 41. Qf6+ Ke8 42. Qg6+ Kd7 0-1

[Event "N1 Reykjavik Open 2014"]
[Site "Reykjavik, Iceland"]
[Date "2014.03.05"]
[Round "3.38"]
[White "Gislason, Gudmundur"]
[Black "Johannesson, Oliver"]
[Result "1-0"]
[WhiteElo "2314"]
[BlackElo "2115"]
[PlyCount "73"]
[EventDate "2014.03.04"]

1. Nf3 Nf6 2. c4 c6 3. Nc3 d5 4. e3 e6 5. b3 Bd6 6. Bb2 O-O 7. Be2 a6 8. d4
Nbd7 9. Qc2 e5 10. cxd5 cxd5 11. dxe5 Nxe5 12. O-O-O Qe7 13. Kb1 Be6 14. Nd4
Rac8 15. Nf5 Qd7 16. Nxd6 Qxd6 17. Ka1 b5 18. Qd2 Rfd8 19. Bf3 b4 20. Ne2 Bf5
21. Qd4 Nc6 22. Qf4 Be4 23. Qxd6 Rxd6 24. Rc1 Re8 25. Rhd1 h6 26. Ng3 g6 27.
Ne2 Ne5 28. Bxe4 Nxe4 29. Nf4 Nf6 30. f3 g5 31. Ne2 Ng6 32. Nd4 Rb6 33. Nf5 Kh7
34. Rc7 Rf8 35. Bd4 Re6 36. Bc5 Ne8 37. Ra7 1-0

[Event "N1 Reykjavik Open 2014"]
[Site "Reykjavik, Iceland"]
[Date "2014.03.05"]
[Round "3.39"]
[White "Kristinsson, Jon"]
[Black "Thorgeirsson, Jon Kristinn"]
[Result "1/2-1/2"]
[WhiteElo "2290"]
[BlackElo "1883"]
[PlyCount "116"]
[EventDate "2014.03.04"]

1. d4 Nf6 2. c4 g6 3. Nc3 d5 4. Nf3 Bg7 5. Bg5 c6 6. e3 O-O 7. Bd3 dxc4 8. Bxc4
Bg4 9. h3 Bxf3 10. Qxf3 Qa5 11. Bh4 Nbd7 12. O-O Qb4 13. Qe2 b5 14. Bb3 e6 15.
Rfd1 a5 16. Rab1 Nd5 17. e4 N5b6 18. Qd3 a4 19. Bc2 e5 20. d5 Nc5 21. Qf3 cxd5
22. Nxd5 Nxd5 23. Rxd5 Ne6 24. Qc3 Qxc3 25. bxc3 Nf4 26. Rd2 Bh6 27. Rbd1 Rac8
28. Be7 Rxc3 29. Bxf8 Bxf8 30. Bd3 b4 31. Bb5 a3 32. Ba4 Bc5 33. Kf1 Bd4 34.
Rc2 Ne6 35. Rxc3 Bxc3 36. Rb1 Bb2 37. Rd1 Nc5 38. Rd8+ Kg7 39. Ra8 Nxe4 40. Bc2
Nd6 41. Ke2 Bd4 42. f3 f5 43. Bb3 e4 44. Ra4 Bc3 45. Ra7+ Kf6 46. fxe4 fxe4 47.
Ke3 Nf5+ 48. Kxe4 Nd4 49. Bc4 Kg5 50. Kd3 Nc6 51. Rc7 Ne5+ 52. Kc2 h5 53. Bd5
Be1 54. Kb3 Kf4 55. Rb7 Nd3 56. Rb5 Bc3 57. Bc4 Ne1 58. Bf7 Nd3 1/2-1/2

[Event "N1 Reykjavik Open 2014"]
[Site "Reykjavik, Iceland"]
[Date "2014.03.05"]
[Round "3.40"]
[White "Fehr, Axel"]
[Black "Prosviriakov, Vladimir"]
[Result "0-1"]
[WhiteElo "2101"]
[BlackElo "2269"]
[PlyCount "92"]
[EventDate "2014.03.04"]

1. c4 e5 2. g3 d6 3. Bg2 f5 4. Nc3 Nf6 5. d3 Be7 6. e4 c6 7. Nge2 Na6 8. O-O
O-O 9. h3 Qe8 10. exf5 Bxf5 11. g4 Nxg4 12. hxg4 Bxg4 13. f3 Be6 14. Be3 Qg6
15. f4 Bh3 16. Rf2 Bh4 17. Qf1 Bxf2+ 18. Qxf2 Bxg2 19. Qxg2 Qxd3 20. Qe4 Qxe4
21. Nxe4 exf4 22. Bxf4 Rae8 23. N4c3 Re6 24. Rd1 Rg6+ 25. Kh2 Rf5 26. Bg3 Nb4
27. Rd4 Nc2 28. Re4 Kf7 29. Nf4 Rh6+ 30. Kg2 g5 31. Nh3 Rhf6 32. Re2 Nd4 33.
Rd2 Nf3 34. Rd1 Re6 35. Rf1 g4 36. Nf4 Ref6 37. Rh1 Rxf4 38. Bxf4 Rxf4 39.
Rxh7+ Ke6 40. Rxb7 Rxc4 41. Rxa7 d5 42. Rb7 d4 43. Ne4 d3 44. Nc3 d2 45. Nd1
Rc1 46. Ne3 Re1 0-1

[Event "N1 Reykjavik Open 2014"]
[Site "Reykjavik, Iceland"]
[Date "2014.03.05"]
[Round "3.41"]
[White "Gajewski, Grzegorz"]
[Black "Forsa, Elise"]
[Result "1-0"]
[WhiteElo "2631"]
[BlackElo "1830"]
[PlyCount "43"]
[EventDate "2014.03.04"]

1. d4 d5 2. c4 dxc4 3. Nf3 Nf6 4. e3 b5 5. a4 b4 6. Bxc4 e6 7. O-O Be7 8. Nbd2
Bb7 9. a5 Na6 10. Qe2 Qc8 11. e4 O-O 12. e5 Nd7 13. Ne4 c5 14. Bg5 Bxg5 15.
Nfxg5 Bxe4 16. Qxe4 g6 17. d5 exd5 18. Bxd5 Rb8 19. Nxf7 Kg7 20. Qf4 Qc7 21.
Qh6+ Kg8 22. Ng5+ 1-0

[Event "N1 Reykjavik Open 2014"]
[Site "Reykjavik, Iceland"]
[Date "2014.03.05"]
[Round "3.42"]
[White "Djurhuus, Rune"]
[Black "Frick, Renato"]
[Result "1-0"]
[WhiteElo "2447"]
[BlackElo "2038"]
[PlyCount "99"]
[EventDate "2014.03.04"]

1. d4 Nf6 2. c4 g6 3. Nc3 d5 4. Qb3 dxc4 5. Qxc4 Nbd7 6. e4 Nb6 7. Qd3 Bg7 8.
Nf3 O-O 9. Be2 Bg4 10. Be3 Nfd7 11. O-O-O e5 12. Nxe5 Nxe5 13. dxe5 Qxd3 14.
Rxd3 Bxe2 15. Nxe2 Bxe5 16. Rhd1 Nc4 17. Bd4 Rfd8 18. b3 Bxd4 19. Rxd4 Rxd4 20.
Nxd4 Nb6 21. Nb5 a6 22. Nc3 Kf8 23. a4 Ke8 24. a5 Nd7 25. Nd5 Rc8 26. Kb2 c6
27. Ne3 Nc5 28. f3 Rd8 29. Rxd8+ Kxd8 30. Kc3 Ke7 31. g3 f6 32. Kc4 Nd7 33. f4
Kd6 34. b4 Nf8 35. Ng4 Ke6 36. Nf2 Kd6 37. Nd3 Kc7 38. Nc5 g5 39. fxg5 fxg5 40.
e5 Ng6 41. Kd4 h6 42. Ke4 Ne7 43. e6 b6 44. axb6+ Kxb6 45. Ke5 a5 46. Nd7+ Kb5
47. bxa5 c5 48. Nxc5 Kxc5 49. Kf6 Kd6 50. a6 1-0

[Event "N1 Reykjavik Open 2014"]
[Site "Reykjavik, Iceland"]
[Date "2014.03.05"]
[Round "3.43"]
[White "Bagi, Mate"]
[Black "Hardarson, Jon Trausti"]
[Result "1/2-1/2"]
[WhiteElo "2385"]
[BlackElo "2033"]
[PlyCount "91"]
[EventDate "2014.03.04"]

1. d4 Nf6 2. Bg5 Ne4 3. Bf4 d5 4. e3 c5 5. Bd3 Nf6 6. c3 Nc6 7. Nd2 Bg4 8. Ngf3
e6 9. h3 Bh5 10. O-O Be7 11. Re1 O-O 12. Bg3 Rc8 13. Qe2 a5 14. dxc5 Bxc5 15.
e4 dxe4 16. Nxe4 Nxe4 17. Bxe4 a4 18. Qc2 f5 19. Bxc6 Rxc6 20. Bh4 Qc8 21. Ne5
Ra6 22. Kh1 f4 23. f3 Rf5 24. Bf2 Bd6 25. Nd3 e5 26. Qe2 Bf7 27. Bg1 Rh5 28.
Nf2 Bc4 29. Qe4 Rg5 30. Red1 Be7 31. Ng4 Re6 32. Rd2 h5 33. Nf2 Reg6 34. Nd3
Qe6 35. Nc5 Bxc5 36. Bxc5 Bb5 37. Rd8+ Kh7 38. Rd6 Qf5 39. Qxf5 Rxf5 40. Rxg6
Kxg6 41. Bd6 Kf7 42. Re1 Ke6 43. Bc7 Bc6 44. b3 axb3 45. axb3 g5 46. Kg1
1/2-1/2

[Event "N1 Reykjavik Open 2014"]
[Site "Reykjavik, Iceland"]
[Date "2014.03.05"]
[Round "3.44"]
[White "Bjornsson, Sigurbjorn"]
[Black "Baldursson, Haraldur"]
[Result "1-0"]
[WhiteElo "2360"]
[BlackElo "2027"]
[PlyCount "63"]
[EventDate "2014.03.04"]

1. e4 c5 2. Nf3 d6 3. d4 cxd4 4. Nxd4 Nf6 5. Nc3 a6 6. Be3 e6 7. f3 Be7 8. Qd2
Qc7 9. g4 Nc6 10. O-O-O Ne5 11. g5 Nfd7 12. Kb1 b5 13. Bd3 Nc4 14. Bxc4 bxc4
15. h4 Rb8 16. Ka1 Nb6 17. h5 f6 18. f4 Qb7 19. Rb1 e5 20. Nf5 Bxf5 21. exf5
O-O 22. h6 exf4 23. Bxb6 Qxb6 24. Qd5+ Kh8 25. hxg7+ Kxg7 26. Rxh7+ Kxh7 27.
Qh1+ Kg8 28. g6 Rf7 29. gxf7+ Kxf7 30. Qh5+ Kf8 31. Nd5 Qb7 32. Nxf4 1-0

[Event "N1 Reykjavik Open 2014"]
[Site "Reykjavik, Iceland"]
[Date "2014.03.05"]
[Round "3.45"]
[White "Carvalho Beserra, Juan Pablo"]
[Black "Devereaux, Maxim L"]
[Result "1/2-1/2"]
[WhiteElo "2005"]
[BlackElo "2345"]
[PlyCount "148"]
[EventDate "2014.03.04"]

1. d4 Nf6 2. Nf3 e6 3. c4 b6 4. Nc3 Bb4 5. a3 Bxc3+ 6. bxc3 Ba6 7. e3 O-O 8.
Bd3 d5 9. cxd5 Qxd5 10. O-O c5 11. Bxa6 Nxa6 12. Qe2 Qb7 13. c4 Rac8 14. Bb2
cxd4 15. exd4 Qe4 16. Qd1 Rfd8 17. Re1 Qb7 18. Qe2 Re8 19. Rad1 Nb8 20. Qd3
Nbd7 21. Ne5 Rcd8 22. Nxd7 Nxd7 23. Qg3 Qb8 24. Qh3 Qc7 25. Qc3 f6 26. h3 e5
27. d5 Nc5 28. Qc2 Qd7 29. g4 Rc8 30. Qe2 h5 31. f3 Kf7 32. Ba1 hxg4 33. fxg4
Rh8 34. Qf3 e4 35. Qg3 Rce8 36. Bd4 Nb7 37. Re3 Nd6 38. c5 Qa4 39. Rc1 bxc5 40.
Bxc5 Nc4 41. Qc7+ Kg6 42. Bf8 Rhxf8 43. Qxc4 Qxc4 44. Rxc4 Re5 45. Rcxe4 Rxd5
46. Kg2 Rc8 47. Kg3 a5 48. Ra4 Rc2 49. Rb3 Rdc5 50. Rf3 Kf7 51. Rf5 R2c3+ 52.
Rf3 Ke6 53. Rxc3 Rxc3+ 54. Kg2 Rc5 55. Kf3 Kd5 56. h4 Kc6 57. Re4 Kd6 58. Rd4+
Ke6 59. Ra4 Kf7 60. Kf4 Kg6 61. Rd4 Rb5 62. Ra4 Kf7 63. Re4 g5+ 64. hxg5 fxg5+
65. Kf3 Kf6 66. Ra4 Ke5 67. Re4+ Kd5 68. Ra4 Rc5 69. Ke3 Kc6 70. Kd4 Rd5+ 71.
Ke4 Rc5 72. Kd4 Rb5 73. Rc4+ Kd6 74. Ra4 Rd5+ 1/2-1/2

[Event "N1 Reykjavik Open 2014"]
[Site "Reykjavik, Iceland"]
[Date "2014.03.05"]
[Round "3.46"]
[White "Pajeken, Wolfgang"]
[Black "Van Der Merwe, Cecile H"]
[Result "1-0"]
[WhiteElo "2308"]
[BlackElo "2026"]
[PlyCount "87"]
[EventDate "2014.03.04"]

1. Nf3 Nf6 2. c4 g6 3. Nc3 d5 4. cxd5 Nxd5 5. Qa4+ Nc6 6. Ne5 Nxc3 7. bxc3 Bg7
8. Nxc6 bxc6 9. Qxc6+ Bd7 10. Qc5 O-O 11. e4 Qb8 12. Bc4 Qb6 13. Ba3 Bc6 14. f3
Rfe8 15. Ke2 e6 16. Rab1 Qxc5 17. Bxc5 Reb8 18. Rxb8+ Rxb8 19. Bxa7 Rb2 20. Rc1
Bb5 21. Bxb5 Rxb5 22. Rc2 Be5 23. g3 Bd6 24. d4 Ra5 25. Bc5 Bxc5 26. dxc5 Rxc5
27. Kd3 e5 28. a4 Kf8 29. Ra2 Ra5 30. Kc4 Ke7 31. Kb4 Ra8 32. a5 Kd6 33. a6 Kc6
34. a7 Kb6 35. Kc4 c6 36. g4 f6 37. h4 h6 38. h5 gxh5 39. gxh5 Kb7 40. Kc5 Kc7
41. Ra1 Kb7 42. Kd6 c5 43. c4 Rd8+ 44. Ke7 1-0